000 00574nam a2200193Ia 4500
001 14816
003 GE_BSU
008 181216s||||||||xx |||||||||||||| ||und||
040 _cGE_BSU
080 _a514(075.8)
100 _aАргунов, Б.И.
245 _aУчебное пособие по курсу основания геометрии.
260 _aМосква
260 _bУчпедгиз.
260 _c1961.
300 _a191стр.22см.
653 _aУчебное пособие по курсу основания геометрии.
942 _cBK
999 _c47939
_d47939